[Event "Werther Schloss op-B 10th"]
[Site "Werther"]
[Date "2004.04.04"]
[Round "4"]
[White "Kuiper, Willem"]
[Black "Stange, Joerg"]
[Result "1/2-1/2"]
[WhiteElo "1741"]
[BlackElo "1592"]
[PlyCount "65"]
[EventDate "2004.04.02"]
[EventType "swiss"]
[EventRounds "5"]
[EventCountry "GER"]
[SourceTitle "EXT 2006"]
[Source "ChessBase"]
[SourceDate "2005.11.24"]
[SourceVersion "1"]
[SourceVersionDate "2005.11.24"]
[SourceQuality "1"]

1. e4 e5 2. f4 Bc5 3. Nf3 d6 4. c3 Nc6 5. a3 a6 6. d4 exd4 7. cxd4 Ba7 8. Be3 Nf6 9. Nc3 0-0 10. h3 b5 11. b4 Nh5 12. Kf2 Bb7 13. Bd3 Re8 14. e5 dxe5 15. Bxh7+ Kf8 16. fxe5 Nxd4 17. Nxd4 Qh4+ 18. Kg1 Qg3 19. Qd2 Rad8 20. Ra2 Qxe3+ 21. Qxe3 Bxd4 22. Qxd4 Rxd4 23. Kh2 g6 24. Rf1 Kg7 25. g4 Rf4 26. Raf2 Kxh7 27. gxh5 Rxf2+ 28. Rxf2 Re7 29. Kg3 gxh5 30. Kf4 Kg6 31. a4 Rd7 32. axb5 axb5 33. Nxb5 1/2-1/2

[Event "Werther Schloss op-B 10th"]
[Site "Werther"]
[Date "2004.04.04"]
[Round "5"]
[White "Stukemeier, Ralf"]
[Black "Kuiper, Willem"]
[Result "0-1"]
[WhiteElo "1667"]
[BlackElo "1741"]
[PlyCount "62"]
[EventDate "2004.04.02"]
[EventType "swiss"]
[EventRounds "5"]
[EventCountry "GER"]
[SourceTitle "EXT 2006"]
[Source "ChessBase"]
[SourceDate "2005.11.24"]
[SourceVersion "1"]
[SourceVersionDate "2005.11.24"]
[SourceQuality "1"]

1. e4 e5 2. Nf3 Nc6 3. d4 exd4 4. Nxd4 Nf6 5. Nxc6 bxc6 6. e5 Qe7 7. Qe2 Nd5 8. c4 Ba6 9. b3 g6 10. Bb2 Bg7 11. Nd2 Nb4 12. Nf3 c5 13. g3 Bb7 14. Bg2 0-0 15. 0-0 Rae8 16. Qd2 Bxf3 17. Bxf3 Bxe5 18. Bxe5 Qxe5 19. Qxd7 Rd8 20. Qa4 Rd3 21. Bg2 a6 22. a3 Nc2 23. Rab1 Qd6 24. Be4 Rd2 25. b4 Nd4 26. bxc5 Qe6 27. Bd5 Qh3 28. Qxa6 Ne2+ 29. Kh1 Nxg3+ 30. Kg1 Ne2+ 31. Kh1 Rxd5 0-1

[Event "Werther Schloss op-B 10th"]
[Site "Werther"]
[Date "2004.04.03"]
[Round "3"]
[White "Radinger, Rudolf"]
[Black "Kuiper, Willem"]
[Result "1/2-1/2"]
[WhiteElo "1546"]
[BlackElo "1741"]
[PlyCount "104"]
[EventDate "2004.04.02"]
[EventType "swiss"]
[EventRounds "5"]
[EventCountry "GER"]
[SourceTitle "EXT 2006"]
[Source "ChessBase"]
[SourceDate "2005.11.24"]
[SourceVersion "1"]
[SourceVersionDate "2005.11.24"]
[SourceQuality "1"]

1. e4 c5 2. Nf3 d6 3. d4 cxd4 4. Nxd4 Nf6 5. Nc3 e6 6. Bc4 Be7 7. Bb3 a6 8. f4 Qc7 9. Qf3 0-0 10. 0-0 Nc6 11. Nde2 b6 12. g4 Nd7 13. Be3 Nc5 14. g5 Bb7 15. Ng3 Rad8 16. Rad1 d5 17. exd5 Nxb3 18. axb3 Nb4 19. Qf2 Nxd5 20. Nxd5 Rxd5 21. Rxd5 Bxd5 22. Bxb6 Qc6 23. c4 Rb8 24. cxd5 Qxb6 25. Qxb6 Rxb6 26. dxe6 Rxb3 27. exf7+ Kxf7 28. Ra1 Rb6 29. Ra5 Bb4 30. Rd5 a5 31. Kf2 a4 32. Kf3 Rd6 33. Ke4 Rxd5 34. Kxd5 Bc3 35. Kc4 Bxb2 36. Kb4 a3 37. Kb3 Kg6 38. h4 Kf7 39. f5 Ke7 40. Ne4 Kd7 41. Nc5+ Kd6 42. Nd3 Be5 43. Kxa3 Bg3 44. h5 Bh4 45. f6 gxf6 46. gxf6 Bxf6 47. Kb3 Kd5 48. Kc2 Ke4 49. Kd2 Kf3 50. Ne1+ Kf2 51. Nd3+ Kf1 52. Ke3 Bg5+ 1/2-1/2